000 00545nam a2200193Ia 4500
005 20250508160608.0
008 008 250505s9999 xx 000 0 eng d
037 _aTextual
040 _aFEDL
_beng
_cFEDL
041 _aeng
_2eng
084 _a150.195, ROA
_qFEDL
100 _aRoazen Paul
245 0 _aBrother animal: The story of Freud and Tausk
260 _aLondon, UK
_bAllen Lane The Penguin Press
_c1969
300 _axx,221p.
650 _aPsychology
942 _cTEXL
_h150.195, ROA
999 _c1365525
_d1365525